<?xml version="1.0" encoding="UTF-8"?>
<record
    xmlns:xsi="http://www.w3.org/2001/XMLSchema-instance"
    xsi:schemaLocation="http://www.loc.gov/MARC21/slim http://www.loc.gov/standards/marcxml/schema/MARC21slim.xsd"
    xmlns="http://www.loc.gov/MARC21/slim">

  <leader>05185nam a22003377u 4500</leader>
  <controlfield tag="001">pwiiw6404</controlfield>
  <controlfield tag="003">OSt</controlfield>
  <controlfield tag="005">20260516120049.0</controlfield>
  <controlfield tag="008">221103t2022    au ||||| |||||||| ||ger d</controlfield>
  <datafield tag="040" ind1=" " ind2=" ">
    <subfield code="c">OSt</subfield>
  </datafield>
  <datafield tag="041" ind1=" " ind2=" ">
    <subfield code="a">ger</subfield>
  </datafield>
  <datafield tag="084" ind1=" " ind2=" ">
    <subfield code="a">C54</subfield>
    <subfield code="a">E62</subfield>
    <subfield code="a">H60</subfield>
    <subfield code="2">jelc</subfield>
  </datafield>
  <datafield tag="100" ind1="1" ind2=" ">
    <subfield code="a">Heimberger, Philipp</subfield>
  </datafield>
  <datafield tag="245" ind1="1" ind2="0">
    <subfield code="a">Evaluierung des Zusammenhangs von Produktionspotenzial und Budgetsemielastizit&#xE4;t im Rahmen der deutschen Schuldenbremse</subfield>
  </datafield>
  <datafield tag="260" ind1=" " ind2=" ">
    <subfield code="a">Wien :</subfield>
    <subfield code="b">Wiener Institut f&#xFC;r Internationale Wirtschaftsvergleiche (wiiw),</subfield>
    <subfield code="c">2022.</subfield>
  </datafield>
  <datafield tag="300" ind1=" " ind2=" ">
    <subfield code="a">41 S., </subfield>
    <subfield code="b">22 Tables and 2 Figures,</subfield>
    <subfield code="c">30cm.</subfield>
  </datafield>
  <datafield tag="490" ind1="1" ind2=" ">
    <subfield code="a">wiiw Research Reports in German Language</subfield>
    <subfield code="v">22</subfield>
  </datafield>
  <datafield tag="520" ind1=" " ind2=" ">
    <subfield code="a">Evaluierung des Zusammenhangs von Produktionspotenzial und Budgetsemielastizit&#xE4;t im Rahmen der deutschen Schuldenbremse

This publication is available in German language only.

For a brief English summary see further below.

Die Konjunkturbereinigung des Budgetsaldos bestimmt im Rahmen der deutschen Schuldenbremse ma&#xDF;geblich die maximal zul&#xE4;ssige Nettokreditaufnahme des Bundes. Die Konjunkturkomponente erfordert eine Sch&#xE4;tzung des gesamtwirtschaftlichen Produktionspotenzials in einer konjunkturellen Normallage und der Budgetsemielastizit&#xE4;t, wobei letztere die Reaktion der Einnahmen und Ausgaben des Bundes auf eine &#xC4;nderung in der Produktionsl&#xFC;cke misst. W&#xE4;hrend Modellunsicherheiten und Revisionsanf&#xE4;lligkeiten bei der Sch&#xE4;tzung des Produktionspotenzials vielfach dokumentiert sind, bleiben technische Fragen rund um die Budgetsemielastizit&#xE4;t bislang vergleichsweise unterbeleuchtet. Im Kontext der Evaluierung der Produktionspotenzialsch&#xE4;tzungen im Rahmen der deutschen Schuldenbremse untersucht dieser Beitrag die Sensitivit&#xE4;t von Sch&#xE4;tzungen der Budgetsemielastizit&#xE4;t anhand des relevanten gemeinsamen Ansatzes der Organisation f&#xFC;r wirtschaftliche Zusammenarbeit und Entwicklung (OECD) und der Europ&#xE4;ischen Kommission, wenn unterschiedliche Sch&#xE4;tzungen des Produktionspotenzials (von OECD, Bundesministerium f&#xFC;r Wirtschaft und Klimaschutz, Europ&#xE4;ischer Kommission und Dezernat Zukunft) herangezogen werden. Die Ergebnisse verweisen darauf, dass unterschiedliche Dateninputs bez&#xFC;glich des Produktionspotenzials und seiner einzelnen Bestimmungsfaktoren (insbesondere der non-accelerating wage inflation rate of unemployment, kurz: NAWRU) erheblichen Einfluss auf die Basis-Elastizit&#xE4;ten von Einnahmen- und Ausgabenkategorien hinsichtlich einer &#xC4;nderung der gesamtwirtschaftlichen Aktivit&#xE4;t haben k&#xF6;nnen. Dies f&#xFC;hrt zu Abweichungen in der Budgetsemielastizit&#xE4;t: W&#xE4;hrend die offizielle Punktsch&#xE4;tzung bei 0,203 liegt, ist das Minimum unserer Sensitivit&#xE4;tsanalyse bei 0,120 und das Maximum bei 0,241. Die daraus resultierenden Abweichungen in der Sch&#xE4;tzung der Konjunkturkomponente beeinflussen die Bestimmung der maximal zul&#xE4;ssigen Nettokreditaufnahme des Bundes.

Evaluation of the Relationship between Potential Output and the Budget Semi-Elasticity in the Context of the German Debt Brake

The cyclical adjustment of the budget balance largely determines the maximum permissible net borrowing of the federal government within the framework of the German debt brake. The cyclical component requires an estimate of aggregate potential output in a normal cyclical situation, as well as an estimate of the budget semi-elasticity, the latter measuring the reaction of federal government revenues and expenditures to a change in the output gap. While model uncertainties and revisions in the estimation of potential output have been widely documented, technical issues surrounding the budget semi-elasticity remain comparatively understudied. In the context of the evaluation of potential output estimates used as part of the German debt brake, this paper examines the sensitivity of estimates of the budget semi-elasticity using the relevant joint approach of the Organisation for Economic Co-operation and Development (OECD) and the European Commission. When we use different estimates of potential output (from the OECD, the Federal Ministry for Economic Affairs and Climate Protection, the European Commission and Dezernat Zukunft) and its components (especially the non-accelerating wage inflation rate of unemployment, NAWRU for short), the results indicate that different data inputs can have a significant impact on the basic elasticities of revenue and expenditure categories with regard to a change in aggregate activity. This leads to deviations in the budget semi-elasticity: while the official point estimate is 0.203, the minimum of our sensitivity analysis is 0.120 and the maximum is 0.241. The resulting deviations in the estimate of the cyclical component influence the determination of the maximum permissible net borrowing of the federal government.
</subfield>
  </datafield>
  <datafield tag="650" ind1=" " ind2=" ">
    <subfield code="a">Staatsschulden</subfield>
  </datafield>
  <datafield tag="650" ind1=" " ind2=" ">
    <subfield code="a">Schuldenbremse</subfield>
  </datafield>
  <datafield tag="650" ind1=" " ind2=" ">
    <subfield code="a">Fiskalpolitik</subfield>
  </datafield>
  <datafield tag="650" ind1=" " ind2=" ">
    <subfield code="a">Budgetelastizit&#xE4;t</subfield>
  </datafield>
  <datafield tag="650" ind1=" " ind2=" ">
    <subfield code="a">Einnahmen</subfield>
  </datafield>
  <datafield tag="650" ind1=" " ind2=" ">
    <subfield code="a">Ausgaben</subfield>
  </datafield>
  <datafield tag="651" ind1=" " ind2=" ">
    <subfield code="a">Germany</subfield>
  </datafield>
  <datafield tag="690" ind1=" " ind2=" ">
    <subfield code="a">Macroeconomic Analysis and Policy</subfield>
  </datafield>
  <datafield tag="700" ind1="1" ind2=" ">
    <subfield code="a">Sch&#xFC;tz, Bernhard</subfield>
  </datafield>
  <datafield tag="830" ind1=" " ind2="0">
    <subfield code="v">22</subfield>
    <subfield code="w">WIIW0000108</subfield>
    <subfield code="t">wiiw Research Reports in German Language</subfield>
  </datafield>
  <datafield tag="856" ind1="4" ind2="0">
    <subfield code="u">https://wiiw.ac.at/p-6404.html</subfield>
  </datafield>
  <datafield tag="942" ind1=" " ind2=" ">
    <subfield code="c">P</subfield>
  </datafield>
  <datafield tag="999" ind1=" " ind2=" ">
    <subfield code="c">8979</subfield>
    <subfield code="d">8979</subfield>
  </datafield>
  <datafield tag="952" ind1=" " ind2=" ">
    <subfield code="0">0</subfield>
    <subfield code="1">0</subfield>
    <subfield code="4">0</subfield>
    <subfield code="7">0</subfield>
    <subfield code="a">BIB</subfield>
    <subfield code="b">BIB</subfield>
    <subfield code="c">1</subfield>
    <subfield code="d">2022-11-03</subfield>
    <subfield code="i">pwiiw6404</subfield>
    <subfield code="l">0</subfield>
    <subfield code="p">1000010006404</subfield>
    <subfield code="r">2022-11-03 00:00:00</subfield>
    <subfield code="w">2022-11-03</subfield>
    <subfield code="y">P</subfield>
  </datafield>
</record>
